000 00505nam a2200193Ia 4500
003 0100
008 130303s9999 xx 000 0 und d
040 _cARRUPELIB
050 _aDS145.P7C61967
100 _aCohn, Norman Rufus Colin
245 _aWarrant for genocide, the myth of the Jewish world-conspiracy and the Protocols
260 _aLondon
260 _bEyre Spottiswoode
260 _C1967
300 _a303p.
300 _b 22cm.
700 _aNorman Rufus Colin Cohn
942 0 0 _01
999 _c37792
_d37792